000 005900000a22001810004500
003 MACL
005 20160607154914.0
008 160607b xxu||||| |||| 00| 0 eng d
040 _aMACL
_cMACL
041 _aHindi
082 _a920
100 _aडॉ विघाप्रकाश
_962785
245 _aयुग पुरूष जयप्रकाश नारायण
_cडॉ विघाप्रकाश
260 _bअनुराग प्रकाशन
_c2003
_aदिल्‍ली
350 _a150
650 _aBiography
_962786
942 _cHIN
_k920.71/VID
_2ddc
999 _c18613
_d18613